000 01058nam a2200325 a 4500
001 vtls001389825
003 NLI
005 20210627110200.0
008 120905s2010 ii e 000 0 eng d
020 _a9789380145419(pbk)
_cRs.120.00
039 9 _a201209051940
_bjagesward
_y201209051612
_zdipshikhap
040 _aNLI
_beng
041 0 _aeng
044 _aii
082 0 4 _a821.91
_222
100 1 _aDutta, Anurupa
_9953958
245 1 0 _aW.B. Yeats :
_bthe man and the poet /
_cby Anurupa Dutta
260 _aKolkata :
_bBooks Way,
_c2010
300 _a136 p. ;
_c22 cm
504 _aIncludes bibliographical references
600 1 0 _aYeats , W.B.
_q(William Butler),
_d1865-1939
_vCriticism and interpretation
_9953959
887 _adpathak
901 _aDB126751 ;
_b24.09.2011
902 _aE 821.91 D 954 w
904 _adpathak
949 _AVIRTUAITEM
_D10000
_X100
_6DBA000126751ENG
942 _2ddc
_cBKS
999 _aVIRTUA
_c838043
_d838043
999 _aVTLSSORT0080*0200*0400*0410*0440*0820*1000*2450*2600*3000*5040*6000*8520*9010*9020*9040*9992